000 00871na a2200277 4500
001 16373
003 MIRAKIL
005 20181213154947.0
008 161008b tu 000 0
020 _a9789756483329
040 _aMilas
_btur
_cTR-AnCHP
041 _aeng
082 _a332.04109561
_bB82h 2011
090 _a332.04109561 B82h 2011
100 _aBudak, Alparslan
245 _aThe handbook of the Turkish capital markets 2011
_cAlparslan Budak, Efsun Ayça Değertekin ; editör Ekin Fıkırkoca
260 _aİstanbul
_bTSPAKB
_c2011
300 _a67 s.
_btbl. , şkl.
_c21 sm.
490 _aTSPAKB
_v54
546 _aEserin dili İngilizcedir.
650 _aYatırımlar
_xTürkiye
_yElkitapları
650 _aSermaye piyasası
_yElkitapları
_zTürkiye
700 _aFıkırkoca, Ekin
700 _aDeğertekin, Efsun Ayça
942 _2ddc
_cBKS
999 _c3924
_d3924